[Event "New York Open"]
[Site "New York, NY USA"]
[Date "1989.??.??"]
[Round "6"]
[White "Alburt, Lev O"]
[Black "Romanishin, Oleg M"]
[Result "1/2-1/2"]
[WhiteElo "2520"]
[BlackElo "2555"]
[PlyCount "109"]
[EventDate "1989.03.??"]
[Source "www.chesslib.no"]
[SourceDate "2004.05.04"]

1. Nf3 Nf6 2. c4 e6 3. g3 a6 4. Bg2 b5 5. b3 c5 6. O-O Bb7 7. d3 Be7 8. e3 O-O 9. Qe2 Nc6 10. Bb2 d5 11. Nbd2 Qb6 12. Rab1 Rfd8 13. a3 dxc4 14. bxc4 b4 15. axb4 Nxb4 16. d4 a5 17. Ne5 Bxg2 18. Kxg2 a4 19. Ba3 Qc7 20. Qf3 Rac8 21. Bxb4 cxb4 22. Ra1 a3 23. Rfb1 Bf8 24. Ra2 Re8 25. g4 Bd6 26. Nd3 e5 27. dxe5 Bxe5 28. Rxb4 Bc3 29. Rb7 Qd8 30. Nf4 Bxd2 31. Nd5 Rxc4 32. Rxd2 Rxg4+ 33. Kh3 h5 34. Ne7+ Qxe7 35. Rxe7 Rxe7 36. Rd8+ Ne8 37. Qa8 Rge4 38. Qxa3 Kh7 39. Rd4 g6 40. Rxe4 Rxe4 41. Qf8 f5 42. Qc5 Ng7 43. f3 Re8 44. Kg2 g5 45. e4 fxe4 46. fxe4 g4 47. Kf2 Kg6 48. Ke3 Re6 49. e5 Nf5+ 50. Kf4 Ng7 51. Qc2+ Kh6 52. Ke4 Kh7 53. Kd5+ Kg8 54. Qb1 Kh8 55. Qc2 1/2-1/2

[Event "60th ch-RUS Higher League"]
[Site "Krasnoyarsk RUS"]
[Date "2007.09.11"]
[Round "8"]
[White "Kabanov, N."]
[Black "Turov, M."]
[Result "1/2-1/2"]
[WhiteElo "2509"]
[BlackElo "2561"]
[PlyCount "127"]
[EventDate "2007.09.03"]
[Source "www.chesslib.no"]
[SourceDate "2004.05.04"]

1. Nf3 Nf6 2. c4 e6 3. g3 a6 4. Bg2 b5 5. b3 c5 6. Nc3 Qa5 7. O-O Bb7 8. e3 Be7 9. Qe2 b4 10. Na4 O-O 11. a3 bxa3 12. Bxa3 Qc7 13. d4 d6 14. b4 Nbd7 15. Rfd1 Rfc8 16. Rac1 Rab8 17. dxc5 dxc5 18. Nxc5 Nxc5 19. bxc5 Be4 20. Bb2 Bxc5 21. Bxf6 gxf6 22. Nh4 Bg6 23. Qa2 a5 24. Nf3 Rb4 25. Qa1 a4 26. Nd4 Bxd4 27. Rxd4 e5 28. Rh4 Qa5 29. Bd5 a3 30. c5 Rxh4 31. gxh4 Rxc5 32. e4 Bh5 33. Kg2 Bg4 34. h3 Bd7 35. Rg1 Qc3 36. Kh2+ Kf8 37. Qf1 Rxd5 38. exd5 a2 39. f3 Qd2+ 40. Rg2 Qf4+ 41. Rg3 Ke7 42. Qa1 Qc4 43. Rg2 Qxd5 44. Qxa2 Qxf3 45. Rg3 Qf4 46. Qa3+ Ke6 47. Qb3+ Ke7 48. Qa3+ Ke6 49. Qb3+ Ke7 50. Qc3 Bf5 51. h5 Qf2+ 52. Rg2 Qf4+ 53. Kg1 Qd4+ 54. Qxd4 exd4 55. Rd2 Bxh3 56. Rxd4 f5 57. Kf2 Bg4 58. Kg3 Bxh5 59. Rh4 Bg6 60. Kf4 Kf6 61. Rh2 Ke6 62. Kg5 f4 63. Re2+ Kd5 64. Kxf4 1/2-1/2

[Event "CRO Team Ch"]
[Site "Tucepi"]
[Date "1996.??.??"]
[Round "?"]
[White "Mohr, Georg"]
[Black "Lalic, Bogdan"]
[Result "1/2-1/2"]
[WhiteElo "2495"]
[BlackElo "2575"]
[PlyCount "34"]
[EventDate "1996.??.??"]
[Source "www.chesslib.no"]
[SourceDate "2004.05.04"]

1. Nf3 Nf6 2. c4 e6 3. g3 a6 4. Bg2 b5 5. b3 c5 6. O-O Bb7 7. e3 Be7 8. Bb2 O-O 9. Nc3 Qa5 10. Qe2 Nc6 11. Rfb1 bxc4 12. bxc4 Rab8 13. d3 Ba8 14. a3 Rfc8 15. Qc2 Nd8 16. Bc1 d6 17. Bd2 Qc7 1/2-1/2

[Event "Bled SLO"]
[Site "?"]
[Date "2002.10.27"]
[Round "2"]
[White "Ghaem Maghami Ehsan IRI"]
[Black "Zelcic Robert"]
[Result "1-0"]
[WhiteElo "2511"]
[BlackElo "2554"]
[PlyCount "103"]
[EventDate "2002.??.??"]
[Source "www.chesslib.no"]
[SourceDate "2004.05.04"]

1. c4 Nf6 2. Nf3 e6 3. g3 a6 4. Bg2 b5 5. b3 c5 6. O-O Bb7 7. Bb2 Be7 8. d3 O-O 9. Nbd2 d6 10. Re1 Nc6 11. Rc1 Nd7 12. Nf1 Rb8 13. Qd2 Ba8 14. Ne3 Bf6 15. Red1 Nd4 16. Nxd4 Bxd4 17. Bxa8 Rxa8 18. Bxd4 cxd4 19. Nc2 Qb6 20. e3 dxe3 21. Qxe3 Qb7 22. Qe4 Qc7 23. Nd4 Nf6 24. Qe3 Qd7 25. Qf3 Rfc8 26. b4 h6 27. a3 Ra7 28. Nb3 e5 29. c5 dxc5 30. Nxc5 Qg4 31. Qxg4 Nxg4 32. Re1 Re8 33. d4 Rae7 34. h3 Nf6 35. Rxe5 Rxe5 36. dxe5 Rxe5 37. Nxa6 Re2 38. Nc7 Ne4 39. Rf1 Nc3 40. Rc1 Ne4 41. Nxb5 Nxf2 42. Kf1 Rb2 43. Nd4 Ne4 44. Rc2 Rb1+ 45. Kg2 Rd1 46. Kf3 Nd6 47. Ke3 Rg1 48. Rc6 Rxg3+ 49. Kf4 Rg6 50. Ke5 Ne8 51. Rd6 Re6+ 52. Rxe6 1-0

[Event "Irkutsk"]
[Site "?"]
[Date "1986.??.??"]
[Round "?"]
[White "Pigusov, E."]
[Black "Romanishin, O."]
[Result "1-0"]
[WhiteElo "2500"]
[BlackElo "2560"]
[PlyCount "103"]
[EventDate "1986.??.??"]
[Source "ChessBase"]
[SourceDate "1986.07.01"]

1. Nf3 Nf6 2. c4 e6 3. g3 a6 4. Bg2 b5 5. b3 Bb7 6. Nc3 b4 7. Na4 d5 8. cxd5 Bxd5 9. O-O Be7 10. d3 O-O 11. Qc2 Nbd7 12. e4 Bb7 13. h3 c5 14. Be3 Rc8 15. Rac1 Nb6 16. Nxb6 Qxb6 17. Ne5 Rfd8 18. f4 a5 19. g4 Ba6 20. Rcd1 Nd7 21. Nc4 Qc7 22. g5 Nb8 23. Qf2 Bf8 24. h4 a4 25. h5 axb3 26. axb3 Nc6 27. g6 Bxc4 28. bxc4 Nd4 29. f5 Qe5 30. gxf7+ Kh8 31. Bh3 exf5 32. Bxd4 Rxd4 33. Qxf5 Qxf5 34. Rxf5 Rcd8 35. Rd5 g6 36. Be6 Kg7 37. Rxd4 cxd4 38. e5 b3 39. c5 Bxc5 40. Bxb3 Rb8 41. Bc4 Rb2 42. Rf1 Bf8 43. Rf4 Re2 44. e6 g5 45. Rg4 Re5 46. Rg2 h6 47. Ra2 g4 48. Ra7 g3 49. Rd7 Re2 50. Rd8 Rd2 51. Re8 Re2 52. Bd5 1-0

[Event "Beer_Sheva 73/10"]
[Site "?"]
[Date "1998.??.??"]
[Round "?"]
[White "Greenfeld, Alon"]
[Black "Loginov, Valery A"]
[Result "1-0"]
[WhiteElo "2535"]
[BlackElo "2520"]
[PlyCount "109"]
[EventDate "1998.??.??"]
[Source "ChessBase"]
[SourceDate "1998.06.01"]

1. Nf3 Nf6 2. c4 e6 3. g3 a6 4. Bg2 b5 5. Ne5 Ra7 6. d4 d6 7. Be3 dxe5 8. dxe5 Qxd1+ 9. Kxd1 c5 10. exf6 gxf6 11. Nc3 Bb7 12. Bxb7 Rxb7 13. cxb5 axb5 14. a4 b4 15. Ne4 Nd7 16. Kc2 f5 17. Nd2 Bg7 18. Kb3 Ke7 19. Nc4 Ra8 20. Rhd1 Ra6 21. a5 Bd4 22. Bxd4 cxd4 23. Rxd4 Nc5+ 24. Kc2 b3+ 25. Kd2 Ne4+ 26. Ke3 Rb5 27. Ra3 Nf6 28. Kd2 Ne4+ 29. Ke3 Nf6 30. f3 Nd5+ 31. Kd2 Rb4 32. e4 fxe4 33. fxe4 e5 34. Rxd5 Rxc4 35. Rxe5+ Kf6 36. Rf5+ Kg6 37. Rxb3 Rxe4 38. Rfb5 f6 39. Rd3 Ra4 40. b4 Ra2+ 41. Kc3 Rxh2 42. Rb6 Ra8 43. Rf3 Rf8 44. a6 Kg5 45. b5 f5 46. Kb3 Rh1 47. a7 Ra8 48. Rb7 Rb1+ 49. Ka2 Rb4 50. Rb3 Re4 51. b6 Rae8 52. Rb8 Ra4+ 53. Ra3 Re2+ 54. Kb3 Rae4 55. Rc8 1-0

[Event "Benasque"]
[Site "?"]
[Date "1997.??.??"]
[Round "?"]
[White "Marin, Mihail"]
[Black "Ionov, S."]
[Result "1-0"]
[WhiteElo "2530"]
[BlackElo "2525"]
[PlyCount "81"]
[EventDate "1997.??.??"]
[Source "ChessBase"]
[SourceDate "1997.06.01"]

1. Nf3 Nf6 2. c4 e6 3. g3 a6 4. Bg2 b5 5. b3 c5 6. Nc3 Qb6 7. O-O Bb7 8. Bb2 Be7 9. d4 cxd4 10. Qxd4 Qxd4 11. Nxd4 Bxg2 12. Kxg2 Nc6 13. Rfd1 Rb8 14. Nxc6 dxc6 15. cxb5 cxb5 16. e3 O-O 17. Ne2 Rfc8 18. Rac1 Rxc1 19. Rxc1 Nd5 20. Nf4 Nxf4+ 21. exf4 Rd8 22. Rc6 Rd6 23. Rc7 Bf6 24. Be5 Rd2 25. Rc6 h5 26. Bxf6 gxf6 27. Rxa6 Kg7 28. Ra5 Kg6 29. a3 Ra2 30. b4 f5 31. Rxb5 Rxa3 32. Rb8 h4 33. gxh4 Rb3 34. b5 f6 35. b6 Kg7 36. b7 e5 37. h5 exf4 38. h6+ Kh7 39. f3 Rb2+ 40. Kf1 Rb4 41. Ke2 1-0

[Event "54th ch-RUS, Elista RUS"]
[Site "?"]
[Date "2001.??.??"]
[Round "7"]
[White "Vaulin, A."]
[Black "Lugovoi, A."]
[Result "1-0"]
[WhiteElo "2540"]
[BlackElo "2510"]
[PlyCount "121"]
[EventDate "2001.??.??"]
[Source "www.chesslib.no"]
[SourceDate "2004.05.04"]

1. c4 e6 2. Nf3 Nf6 3. g3 a6 4. Bg2 b5 5. b3 c5 6. O-O Bb7 7. Bb2 Be7 8. Qc2 Qb6 9. d3 d6 10. Nbd2 O-O 11. Rac1 Nc6 12. Qb1 a5 13. e3 a4 14. cxb5 Qxb5 15. bxa4 Qa6 16. Bxf6 Bxf6 17. Ne4 Be7 18. d4 cxd4 19. exd4 Rab8 20. Qb5 Qa8 21. Rfe1 Nb4 22. Qxb4 Bxe4 23. Qa3 Rb7 24. Qe3 Bd5 25. Nh4 Bxg2 26. Nxg2 Rb4 27. Qd2 Rxa4 28. d5 Rxa2 29. Qd3 e5 30. Rc7 Bd8 31. Rc6 Qa7 32. Ne3 f5 33. Rxd6 f4 34. gxf4 exf4 35. Ng4 h5 36. Nh6+ Kh8 37. Rf1 Qe7 38. Re6 Ra3 39. Qe4 Qg5+ 40. Kh1 Ra7 41. Rg1 f3 42. Rxg5 Bxg5 43. Nf7+ Raxf7 44. Re8 Kg8 45. d6 Bd8 46. Qe6 Rxe8 47. Qxe8+ Rf8 48. Qxh5 Rf7 49. h3 Rf6 50. Qe8+ Rf8 51. Qe6+ Kh8 52. Kh2 Bb6 53. Kg3 Bd8 54. h4 Kh7 55. Qe4+ Kh8 56. Kg4 Bb6 57. d7 Bd8 58. Qe8 Kg8 59. h5 Bc7 60. h6 gxh6 61. Kh5 1-0

[Event "Zepter op"]
[Site "Minsk"]
[Date "1998.05.03"]
[Round "9"]
[White "Sherbakov, Ruslan"]
[Black "Nikolenko, Oleg"]
[Result "1/2-1/2"]
[WhiteElo "2555"]
[BlackElo "2495"]
[PlyCount "87"]
[EventDate "1998.04.25"]
[Source "ChessBase"]
[SourceDate "1998.07.07"]

1. Nf3 Nf6 2. c4 e6 3. g3 a6 4. Bg2 b5 5. b3 c5 6. O-O Bb7 7. Nc3 Qb6 8. Re1 d6 9. e4 Nc6 10. cxb5 axb5 11. a4 b4 12. Nb5 e5 13. d3 Nd4 14. Nbxd4 cxd4 15. Bh3 Be7 16. Bg5 O-O 17. Rc1 Ba6 18. Qe2 Rfe8 19. Bxf6 Bxf6 20. Nd2 Bg5 21. Nc4 Qd8 22. Rc2 Rb8 23. Bg4 g6 24. h4 Bh6 25. h5 Rf8 26. hxg6 hxg6 27. Kg2 Kg7 28. Rh1 Rb7 29. Nb2 Rc7 30. Rxc7 Qxc7 31. Nc4 Rh8 32. Kg1 Bg5 33. Rxh8 Kxh8 34. Bh3 Kg7 35. Kf1 Bxc4 36. dxc4 Bd8 37. Qd3 Qe7 38. Qd2 Ba5 39. Ke2 Qd8 40. Bg4 Qh8 41. Bf3 Qh2 42. Qe1 Bb6 43. Kf1 Bc5 44. Qd2 1/2-1/2

[Event "Saint John (open I)"]
[Site "?"]
[Date "1988.??.??"]
[Round "?"]
[White "Suba, M."]
[Black "Groszpeter, A."]
[Result "1/2-1/2"]
[WhiteElo "2550"]
[BlackElo "2495"]
[PlyCount "96"]
[EventDate "1988.??.??"]
[Source "ChessBase"]
[SourceDate "1988.01.01"]

1. Nf3 Nf6 2. c4 e6 3. g3 a6 4. Bg2 b5 5. O-O bxc4 6. Qa4 Bb7 7. Na3 Bc6 8. Qxc4 Bxa3 9. bxa3 Bb5 10. Qc2 Bxe2 11. Re1 Bxf3 12. Bxf3 d5 13. a4 O-O 14. Ba3 Re8 15. Rab1 Nbd7 16. Qc6 Nb6 17. d3 Qd7 18. Rec1 Qxc6 19. Rxc6 Nxa4 20. Bd1 Nb6 21. Rxc7 Rec8 22. Rxc8+ Nxc8 23. Rb7 Na7 24. Bb2 Ne8 25. h4 Nb5 26. h5 h6 27. f4 Rc8 28. Kf2 d4 29. Bb3 Nf6 30. Rb6 Nd5 31. Rxa6 Nb4 32. Rb6 Nxd3+ 33. Ke2 Nxb2 34. Rxb5 Rc3 35. Rb8+ Kh7 36. Rd8 Nc4 37. Rxd4 Na5 38. Rd3 Rc5 39. g4 Nxb3 40. axb3 g5 41. hxg6+ Kxg6 42. b4 Rc4 43. Rb3 Rxf4 44. b5 Rd4 45. b6 Rd8 46. b7 Rb8 47. Ke3 Kg5 48. Rb5+ f5 1/2-1/2

[Event "54th ch-RUS, Elista RUS"]
[Site "?"]
[Date "2001.??.??"]
[Round "6"]
[White "Khasin, Al"]
[Black "Ionov, S."]
[Result "1/2-1/2"]
[WhiteElo "2540"]
[BlackElo "2505"]
[PlyCount "69"]
[EventDate "2001.??.??"]
[Source "www.chesslib.no"]
[SourceDate "2004.05.04"]

1. c4 Nf6 2. Nf3 e6 3. g3 a6 4. Bg2 b5 5. b3 c5 6. Nc3 Qb6 7. O-O Bb7 8. e3 Be7 9. d4 O-O 10. d5 exd5 11. cxd5 d6 12. e4 Nbd7 13. Qc2 Rfe8 14. Re1 Qc7 15. Bf4 Bf8 16. h3 h6 17. a4 b4 18. Nd1 a5 19. Nb2 Nb6 20. Nd2 Nfd7 21. Ndc4 Nxc4 22. Nxc4 Nb6 23. Nxb6 Qxb6 24. Bf1 Ba6 25. Bc4 Bxc4 26. Qxc4 Qa6 27. Rac1 Qxc4 28. Rxc4 g5 29. Bd2 Bg7 30. Kg2 Bd4 31. f4 f6 32. Kf3 Kf7 33. Be3 Bc3 34. Re2 Kg6 35. Bd2 1/2-1/2

[Event "Benasque op"]
[Site "?"]
[Date "1998.??.??"]
[Round "?"]
[White "Psakhis Lev"]
[Black "Conquest Stuart"]
[Result "1/2-1/2"]
[WhiteElo "2565"]
[BlackElo "2480"]
[PlyCount "58"]
[EventDate "1998.??.??"]
[Source "www.chesslib.no"]
[SourceDate "2004.05.04"]

1. c4 e6 2. Nf3 Nf6 3. g3 a6 4. Bg2 b5 5. b3 Bb7 6. O-O c5 7. Nc3 b4 8. Na4 Be7 9. d4 cxd4 10. Qxd4 a5 11. Bf4 d6 12. Qd3 e5 13. Nxe5 Bxg2 14. Nxf7 Kxf7 15. Kxg2 Na6 16. Qf3 Rc8 17. Rad1 Qc7 18. Rd5 Rhf8 19. Rb5 Kg8 20. Rb7 Qd8 21. Rd1 Qe8 22. Rd3 Nh5 23. Qd5+ Kh8 24. Be3 Nc7 25. Qe4 Nf6 26. Qf3 Ng4 27. Qe4 Nf6 28. Qf3 Ng4 29. Qe4 Nf6 1/2-1/2

[Event "Europa ch 2008"]
[Site "Plovdiv BUL"]
[Date "2008.05.02"]
[Round "11.42"]
[White "Magalashvili, Davit"]
[Black "Aleksandrov, Aleksej"]
[Result "1-0"]
[WhiteElo "2462"]
[BlackElo "2582"]
[PlyCount "51"]
[EventDate "2008.04.21"]
[Source "www.chesslib.no"]
[SourceDate "2004.05.04"]

1. Nf3 e6 2. c4 Nf6 3. g3 a6 4. Bg2 b5 5. b3 c5 6. Nc3 Qb6 7. O-O Bb7 8. e3 Be7 9. Qe2 Ne4 10. Nxe4 Bxe4 11. Bb2 O-O 12. d3 Bb7 13. d4 d6 14. dxc5 dxc5 15. Rfd1 Re8 16. h4 Nc6 17. Rd7 Bc8 18. Rd2 Bb7 19. Rd7 Bc8 20. Rd2 Bb7 21. Rad1 Rad8 22. Ng5 h6 23. Nxf7 Kxf7 24. Qh5+ g6 25. Qxh6 Rh8 26. Be4 1-0

[Event "CCCA"]
[Site "?"]
[Date "1996.07.15"]
[Round "?"]
[White "Redolfi Rodolfo Argentino ("]
[Black "Thomas Trevor (ENG)"]
[Result "1/2-1/2"]
[WhiteElo "2515"]
[BlackElo "2510"]
[PlyCount "25"]
[EventDate "1996.??.??"]
[Source "www.chesslib.no"]
[SourceDate "2004.05.04"]

1. Nf3 Nf6 2. c4 e6 3. g3 a6 4. Bg2 b5 5. b3 Bb7 6. O-O c5 7. Bb2 Be7 8. d3 O-O 9. Nbd2 d6 10. e3 Nc6 11. Qe2 bxc4 12. bxc4 Rb8 13. Bc3 1/2-1/2

[Event "XXIV ECC"]
[Site "Kallithea GRE"]
[Date "2008.10.20"]
[Round "4"]
[White "Roeder, M."]
[Black "Arutinian, D."]
[Result "0-1"]
[WhiteElo "2432"]
[BlackElo "2584"]
[PlyCount "62"]
[EventDate "2008.10.17"]
[Source "www.chesslib.no"]
[SourceDate "2004.05.04"]

1. Nf3 Nf6 2. c4 e6 3. g3 a6 4. Bg2 b5 5. b3 c5 6. Nc3 Qb6 7. e3 Be7 8. Qe2 O-O 9. O-O Bb7 10. Bb2 Ne4 11. d3 Nxc3 12. Bxc3 d6 13. d4 bxc4 14. bxc4 Be4 15. d5 exd5 16. cxd5 Qb5 17. Qd1 Nd7 18. a4 Qb7 19. Ne1 Bxg2 20. Nxg2 Bf6 21. Rb1 Qc7 22. Qc2 Bxc3 23. Qxc3 Nf6 24. Qc4 Rfe8 25. f3 Nd7 26. e4 Ne5 27. Qc3 Rab8 28. Rxb8 Rxb8 29. Ne3 c4 30. Qd4 Rb3 31. Nf5 Rxf3 0-1

[Event "Brno Morava-B"]
[Site "Brno"]
[Date "1991.??.??"]
[Round "8"]
[White "Stangl, Markus"]
[Black "Aseev, Konstantin N"]
[Result "1/2-1/2"]
[WhiteElo "2490"]
[BlackElo "2525"]
[PlyCount "66"]
[EventDate "1991.09.??"]
[Source "ChessBase"]

1. Nf3 Nf6 2. c4 e6 3. g3 a6 4. Bg2 b5 5. b3 Bb7 6. Nc3 b4 7. Na4 Be7 8. O-O O-O 9. d4 a5 10. Bb2 d6 11. Rc1 Nbd7 12. Ne1 Bxg2 13. Nxg2 c5 14. Ne3 Qc7 15. Qd3 cxd4 16. Bxd4 Nc5 17. Bxc5 dxc5 18. Rfd1 Qc6 19. Nf1 Rad8 20. Qc2 h5 21. Rxd8 Rxd8 22. Rd1 Rxd1 23. Qxd1 h4 24. Qd3 hxg3 25. hxg3 Ng4 26. Nd2 f5 27. Nf3 Bf6 28. Qd2 Kh7 29. Qf4 Kg6 30. Nh4+ Kf7 31. Nf3 Kg6 32. Nh4+ Kf7 33. Nf3 Kg6 1/2-1/2

[Event "Zonal"]
[Site "Brasilia zt"]
[Date "1993.??.??"]
[Round "6"]
[White "Sunye Neto, Jaime"]
[Black "Lima, Darcy"]
[Result "1/2-1/2"]
[WhiteElo "2540"]
[BlackElo "2475"]
[PlyCount "30"]
[EventDate "1993.??.??"]
[Source "www.chesslib.no"]
[SourceDate "2004.05.04"]

1. c4 e6 2. Nf3 Nf6 3. g3 a6 4. Bg2 b5 5. Nd4 c6 6. d3 d5 7. O-O Bc5 8. Nb3 Bb6 9. c5 Bc7 10. a4 O-O 11. e3 Bb7 12. Bf3 d4 13. Bh1 Nfd7 14. Bd5 Qe7 15. Qe1 cxd5 1/2-1/2

[Event "Sibenik"]
[Site "?"]
[Date "2006.09.29"]
[Round "8.2"]
[White "Muse Mladen"]
[Black "Kurajica Bojan"]
[Result "1/2-1/2"]
[WhiteElo "2448"]
[BlackElo "2562"]
[PlyCount "27"]
[EventDate "2006.??.??"]
[Source "www.chesslib.no"]
[SourceDate "2004.05.04"]

1. Nf3 Nf6 2. c4 e6 3. g3 a6 4. Bg2 b5 5. b3 Bb7 6. O-O Be7 7. Nc3 b4 8. Na4 O-O 9. Qc2 d6 10. Bb2 Nbd7 11. Rfd1 Qb8 12. c5 dxc5 13. Rac1 Rd8 14. Ne1 1/2-1/2

[Event "It (open)"]
[Site "Balaguer (Spain)"]
[Date "2007.07.18"]
[Round "3"]
[White "Kohlweyer Bernd (GER)"]
[Black "Gelashvili Tamaz (GEO)"]
[Result "1/2-1/2"]
[WhiteElo "2405"]
[BlackElo "2604"]
[PlyCount "93"]
[EventDate "2007.??.??"]
[Source "www.chesslib.no"]
[SourceDate "2004.05.04"]

1. Nf3 Nf6 2. c4 e6 3. g3 a6 4. Bg2 b5 5. b3 c5 6. Nc3 Qb6 7. e3 Bb7 8. Qe2 Ne4 9. Nxe4 Bxe4 10. d3 Bc6 11. Bb2 Qa5+ 12. Kf1 Qc7 13. Nd2 d6 14. f4 Nd7 15. Kf2 Bxg2 16. Kxg2 Qc6+ 17. Qf3 Qxf3+ 18. Kxf3 f6 19. e4 Kf7 20. Nf1 Be7 21. Ne3 Rhb8 22. Bc3 a5 23. a4 bxa4 24. bxa4 Rb3 25. Rhc1 Nb8 26. Rab1 Ra3 27. Ra1 Rxa1 28. Rxa1 Nc6 29. Rb1 Nb4 30. Ke2 g6 31. f5 exf5 32. exf5 Re8 33. Rf1 gxf5 34. Nxf5 d5 35. Bxb4 cxb4 36. cxd5 Bf8+ 37. Kd2 Re5 38. d4 Rxd5 39. Kd3 Rd8 40. Ne3 Bc5 41. Rf4 Bd6 42. Rh4 Kg6 43. Nc4 Bc7 44. Rg4+ Kf7 45. Rh4 Kg6 46. Rg4+ Kf7 47. Rh4 1/2-1/2

[Event "CCCA"]
[Site "?"]
[Date "1996.07.15"]
[Round "?"]
[White "Brglez Francisek (SLO)"]
[Black "Thomas Trevor (ENG)"]
[Result "0-1"]
[WhiteElo "2495"]
[BlackElo "2510"]
[PlyCount "52"]
[EventDate "1996.??.??"]
[Source "www.chesslib.no"]
[SourceDate "2004.05.04"]

1. Nf3 Nf6 2. c4 e6 3. g3 a6 4. Bg2 b5 5. d3 Be7 6. O-O Bb7 7. Nc3 b4 8. Na4 a5 9. e4 d6 10. b3 O-O 11. Nd2 Nbd7 12. d4 e5 13. d5 c6 14. Bb2 Nb6 15. Nxb6 Qxb6 16. a4 cxd5 17. exd5 Nd7 18. Kh1 f5 19. f4 e4 20. g4 Bf6 21. Bxf6 Nxf6 22. gxf5 Rae8 23. Re1 e3 24. Nf1 Bc8 25. Ng3 h5 26. Nxh5 Bxf5 0-1

[Event "Pula op 12th"]
[Site "?"]
[Date "1998.??.??"]
[Round "9"]
[White "Levin Felix"]
[Black "Zelcic Robert"]
[Result "0-1"]
[WhiteElo "2465"]
[BlackElo "2540"]
[PlyCount "212"]
[EventDate "1998.??.??"]
[Source "www.chesslib.no"]
[SourceDate "2004.05.04"]

1. Nf3 Nf6 2. c4 e6 3. g3 a6 4. Bg2 b5 5. b3 c5 6. Nc3 Qb6 7. e3 Bb7 8. Qe2 Bc6 9. O-O Be7 10. d4 O-O 11. Bb2 Qb7 12. Rfd1 Ra7 13. d5 exd5 14. cxd5 Nxd5 15. Nxd5 Bxd5 16. Nh4 Bxg2 17. Qg4 f6 18. Nxg2 Nc6 19. Nf4 Ne5 20. Bxe5 fxe5 21. Nd5 Bd8 22. e4 Qc6 23. Rac1 g6 24. h4 h5 25. Qe2 d6 26. Qe3 Qc8 27. Kg2 Raf7 28. Rf1 Bxh4 29. f3 Bd8 30. a4 Qd7 31. axb5 axb5 32. Ra1 Rh7 33. Ra6 h4 34. g4 h3+ 35. Kh2 Bh4 36. b4 cxb4 37. Nxb4 Kh8 38. Rd1 Qf7 39. Raxd6 Qxf3 40. Qxf3 Rxf3 41. Rxg6 Bg3+ 42. Kh1 Rd7 43. Nd5 Rf2 44. Rb1 Kh7 45. Rg5 Rh2+ 46. Kg1 Rf7 47. Ne3 Re2 48. Nf1 Bf2+ 49. Kh1 Be1 50. Nh2 Rxe4 51. Rxb5 Bg3 52. Rh5+ Kg7 53. Rxh3 Bf4 54. Rb2 Re1+ 55. Kg2 e4 56. Rhb3 Be5 57. Rf2 Re7 58. Nf1 Bd4 59. Rd2 e3 60. Nxe3 Bxe3 61. Rdb2 Kg6 62. Rb5 Bd4 63. Rc2 Rg1+ 64. Kh2 Rxg4 65. Kh3 Rge4 66. Rb3 Rh7+ 67. Kg2 Be5 68. Rh3 Rg7 69. Kf3 Rf4+ 70. Ke3 Rg4 71. Rc6+ Kg5 72. Rc5 Re7 73. Kd3 Rd4+ 74. Kc2 Kf6 75. Rh6+ Kg5 76. Rh3 Rf4 77. Re3 Kf5 78. Re2 Rf3 79. Rb5 Rc3+ 80. Kb1 Rc6 81. Rc2 Ra6 82. Ra2 Rh6 83. Re2 Rh5 84. Kc2 Ke6 85. Kb1 Kd6 86. Kc2 Rc7+ 87. Kd1 Rh1+ 88. Re1 Rh5 89. Re2 Rc4 90. Rd2+ Kc6 91. Rb3 Rh1+ 92. Ke2 Rh2+ 93. Kd1 Rh1+ 94. Ke2 Re4+ 95. Kd3 Rd4+ 96. Kc2 Rc4+ 97. Kd3 Rc5 98. Re2 Rh3+ 99. Re3 Rh4 100. Ke2 Kd6 101. Rbd3+ Ke6 102. Rb3 Rh2+ 103. Kf3 Rc4 104. Rb6+ Kf5 105. Rb5 Rf4+ 106. Kg3 Rg4+ 0-1

[Event "Mitropa Cup"]
[Site "Baden"]
[Date "1999.04.08"]
[Round "7"]
[White "Tratar, Marko"]
[Black "Zelcic, Robert"]
[Result "0-1"]
[WhiteElo "2450"]
[BlackElo "2554"]
[PlyCount "90"]
[EventDate "1999.04.??"]
[Source "ChessBase"]
[SourceDate "1999.08.01"]

1. Nf3 Nf6 2. c4 e6 3. g3 a6 4. Bg2 b5 5. Ne5 c6 6. b3 Qb6 7. d4 d6 8. Nf3 Bb7 9. Nbd2 c5 10. dxc5 dxc5 11. O-O Be7 12. Bb2 O-O 13. Ne5 Bxg2 14. Kxg2 Rd8 15. Qc2 Nc6 16. Nxc6 Qxc6+ 17. Kg1 b4 18. Rad1 a5 19. Bxf6 Bxf6 20. Ne4 Be7 21. f4 h6 22. Nf2 Bf6 23. Qe4 Qa6 24. Rxd8+ Rxd8 25. Rd1 Rxd1+ 26. Nxd1 a4 27. Qc2 axb3 28. axb3 Qa1 29. e3 g6 30. h3 e5 31. Kh2 exf4 32. gxf4 Kg7 33. Kg1 Qa8 34. Qg2 Qd8 35. Qe2 Qd7 36. Nf2 Qa7 37. Qd3 Qa1+ 38. Kg2 Qb2 39. Kf3 Bh4 40. Ng4 h5 41. Ne5 Qf2+ 42. Ke4 Qg2+ 43. Nf3 f5+ 44. Ke5 Qxf3 45. Qd7+ Kh6 0-1

[Event "Novgorod Open"]
[Site "Novgorod RUS"]
[Date "1995.??.??"]
[Round "4"]
[White "Galliamova-Ivanchuk, Alisa"]
[Black "Ionov, Sergey"]
[Result "1-0"]
[WhiteElo "2475"]
[BlackElo "2525"]
[PlyCount "79"]
[EventDate "1995.05.??"]
[Source "www.chesslib.no"]
[SourceDate "2004.05.04"]

1. Nf3 Nf6 2. c4 e6 3. g3 a6 4. Bg2 b5 5. b3 c5 6. O-O Bb7 7. Bb2 Be7 8. e3 O-O 9. Qe2 Nc6 10. d3 Rb8 11. Nc3 Ba8 12. Rfd1 Qb6 13. Rac1 d6 14. Ba1 Rfc8 15. Ng5 Qd8 16. h4 Rc7 17. cxb5 axb5 18. d4 b4 19. Nb5 Rd7 20. dxc5 dxc5 21. Rxd7 Qxd7 22. Rd1 Qb7 23. Nd6 Bxd6 24. Rxd6 Nd4 25. Qf1 Ne2+ 26. Kh1 Qxg2+ 27. Qxg2 Bxg2+ 28. Kxg2 Nc3 29. Rc6 h6 30. Nh3 Nfd5 31. Bxc3 Nxc3 32. Rxc5 Nxa2 33. Nf4 Ra8 34. Nd3 Ra3 35. Rc8+ Kh7 36. Nc5 Nc1 37. Nxe6 fxe6 38. Rxc1 Rxb3 39. Rc6 e5 40. Re6 1-0

[Event "Linares NL"]
[Site "Linares ESP"]
[Date "1993.??.??"]
[Round "10"]
[White "Sunye Neto, Jaime"]
[Black "Hergott, Deen"]
[Result "0-1"]
[WhiteElo "2545"]
[BlackElo "2450"]
[PlyCount "73"]
[EventDate "1993.??.??"]
[Source "www.chesslib.no"]
[SourceDate "2004.05.04"]

1. c4 e6 2. Nf3 Nf6 3. g3 a6 4. Bg2 b5 5. Nd4 c6 6. d3 d5 7. O-O Be7 8. Nc3 O-O 9. e4 Qb6 10. Nb3 d4 11. c5 Bxc5 12. e5 Nfd7 13. Ne4 Be7 14. Qh5 g6 15. Qe2 Nxe5 16. Bh6 Ned7 17. Bxf8 Bxf8 18. Ng5 Ra7 19. Qe4 c5 20. Rfe1 h6 21. Nf3 Nc6 22. Rac1 Nb4 23. a3 Bb7 24. Qe2 Nc6 25. Nfd2 Nce5 26. Bxb7 Rxb7 27. f4 Nc6 28. Nf3 Nf6 29. Nxc5 Bxc5 30. Qc2 Nd7 31. b4 Bxb4 32. axb4 Nxb4 33. Qd2 Nc5 34. Qxb4 Nxd3 35. Rc8+ Kg7 36. Qf8+ Kf6 37. Qh8+ 0-1

[Event "Bad Woerishofen (Germany)"]
[Site "?"]
[Date "2005.03.06"]
[Round "4"]
[White "Siebrecht Sebastian"]
[Black "Eingorn Vereslav S"]
[Result "1/2-1/2"]
[WhiteElo "2408"]
[BlackElo "2587"]
[PlyCount "92"]
[EventDate "2005.??.??"]
[Source "www.chesslib.no"]
[SourceDate "2004.05.04"]

1. Nf3 Nf6 2. c4 e6 3. g3 a6 4. Bg2 b5 5. b3 c5 6. O-O Bb7 7. Bb2 Be7 8. d3 d6 9. Nbd2 O-O 10. Rc1 Qd7 11. Qc2 Nc6 12. Qb1 b4 13. Rfd1 a5 14. e3 Qc7 15. d4 h6 16. h3 Rfe8 17. Ne1 Nb8 18. e4 cxd4 19. Bxd4 Nc6 20. Bb2 Nd7 21. Nd3 Nce5 22. Nxe5 dxe5 23. Nf3 f6 24. Nh4 Bc5 25. Qd3 Nf8 26. Qe2 Red8 27. Nf3 Rxd1+ 28. Rxd1 Rd8 29. Rxd8 Qxd8 30. h4 Qd6 31. Ne1 Nd7 32. Nd3 Bd4 33. Bxd4 Qxd4 34. Kh2 Bc6 35. f4 exf4 36. Nxf4 Nc5 37. Qg4 Qd7 38. e5 f5 39. Bxc6 Qxc6 40. Qd1 Qc7 41. h5 Qxe5 42. Qd8+ Kh7 43. Qe8 Qb2+ 44. Kh3 Qc1 45. Qg6+ Kg8 46. Qe8+ Kh7 1/2-1/2